Mystery Taylor Swift Song #12 - Statistics

General Stats
  • This quiz has been taken 1,541 times
    1,430 since last reset
  • The average score is 52 of 136
Answer Stats
Song % Correct
I
94%
a
85%
You
85%
the
82%
Evermore
80%
it
80%
to
80%
me
76%
go
75%
and
73%
it's
71%
When
70%
when
70%
your
69%
he
68%
in
68%
is
68%
on
66%
time
66%
my
63%
So
63%
that
62%
That
62%
who
62%
will
61%
Then
60%
know
59%
of
58%
for
54%
she
54%
was
54%
like
53%
what
53%
at
51%
not
51%
right
48%
But
47%
one
46%
why
46%
all
43%
from
43%
up
43%
thing
41%
how
40%
It's Time to Go
40%
just
40%
I've
38%
his
37%
body
36%
he's
35%
out
35%
soul
34%
yours
34%
back
33%
left
33%
old
33%
Sometimes
33%
their
33%
come
32%
got
32%
Look
32%
Now
32%
She's
32%
cold
31%
gets
31%
only
31%
run
31%
break
30%
Or
30%
ask
29%
brave
29%
familiar
29%
friends
29%
giving
29%
little
29%
same
29%
dinner
28%
dreams
28%
nothing
28%
strong
28%
ache
27%
gave
27%
sister
27%
words
27%
other
26%
each
25%
find
25%
son
25%
stay
25%
whispers
25%
years
25%
again
24%
caught
24%
fact
24%
tab
24%
boss
23%
breaks
23%
chatter
23%
crook
23%
job
23%
snaps
23%
tears
23%
twin
23%
15
22%
moment
22%
prove
22%
seemed
22%
hearts
21%
insisting
21%
million
21%
spot
21%
'til
21%
walking
21%
wondered
21%
worse
21%
20
20%
behind
20%
knees
20%
past
20%
bones
19%
frozen
19%
glass
19%
kids
19%
sits
19%
Begging
18%
bled
18%
palace
18%
keeping
17%
throne
17%
trying
17%
greed
15%
Praying
14%
No matching quizzes found
Score Distribution
Percent of People with Each Score
Percentile by Number Answered
Your Score History
You have not taken this quiz since the last reset